00570nam a2200145 a 450000100100000000500170001000800410002704000250006808200160009311001040010924500860021326000630029930000320036270000300039400002752320200930030909.0110401s2000 dr d 000 0 spa d aDO-SdBNPbspacBNPHU axxxxbR426r1 aRepública Dominicana.bSecretaria Técnico de la Presidencia.bOficina Nacional de Estadística10aRepública Dominicana en cifras 1998 /cpresentación Maritza Rossi de Pérez. aSanto Domingo :bOficina Nacional de Estadística,c2000. a290 p. :bgráf. ;c28 cm.1 aRossi de Pérez, Maritza